Online Catalogue and eLibrary

Women transforming politics : (Record no. 117)

MARC details
000 -LEADER
fixed length control field 00629pam a2200205 a 4500
001 - CONTROL NUMBER
control field 3432489
005 - DATE AND TIME OF LATEST TRANSACTION
control field 20231204002008.0
008 - FIXED-LENGTH DATA ELEMENTS--GENERAL INFORMATION
fixed length control field 910529s1992 inu b s000 0 eng
020 ## - INTERNATIONAL STANDARD BOOK NUMBER
ISBN 0253312949 (acidfree paper)
020 ## - INTERNATIONAL STANDARD BOOK NUMBER
ISBN 0253206987 (pbk. : acidfree paper)
040 ## - CATALOGING SOURCE (பட்டியலாக்க மூலம்)
Original cataloging agency DLC
Transcribing agency DLC
Modifying agency DLC
082 00 - DDC Classification
Class No. 305.42
DDC Edition Number 20
245 00 - TITLE STATEMENT
Title Women transforming politics :
Remainder of title worldwide strategies for empowerment /
Statement of responsibility, etc. edited by Jill M. Bystydzienski.
260 ## - PUBLICATION, DISTRIBUTION, ETC.
Place of publication, distribution, etc. Bloomington :
Name of publisher, distributor, etc. Indiana University Press,
Date of publication, distribution, etc. c1992.
300 ## - PHYSICAL DESCRIPTION
Extent (e.g. Volumes, Pages etc.) x, 229 p. ;
650 #0 - SUBJECT ADDED ENTRY--TOPICAL TERM
Topical term or geographic name entry element Women
650 #0 - SUBJECT ADDED ENTRY--TOPICAL TERM
Topical term or geographic name entry element Feminism.
700 1# - ADDED ENTRY--PERSONAL NAME
Personal name Bystydzienski, Jill M.,
Relator term (Role) Editor
942 ## - Koha item type (Biblio)
Koha item type Books in Stacks (Lending)
Holdings
Lost status Damaged status Collection code Home library Current library Date acquired Full call number Accession Number Item type
    Lending WERC Library WERC Library 12/04/2023 305.42 3265 Books in Stacks (Lending)

© WERC Library